000 01167nam a22003617a 4500
001 0059188
003 KOHA_MİRAKIL
005 20260207004220.0
007 ta
008 160808b1995 tu |||gr||||#||||0|tur |
020 _a9754402035
040 _aTR-BiSEU
_btur
_cTR-BiSEU
_erda
041 0 _atur
044 _ctu
050 _aTS156.6
_b.B69 1995
100 1 _aBozkurt, Ridvan.
245 1 _aISO 9000 kalite güvence sistemleri/
_cRidvan Bozkurt ; Ridvan Bozkurt, Aynur Odaman.
264 1 _aAnkara :
_bMilli Prodüktivite Merkezi Yayınları
_c1995
300 _a237 sayfa: tablo; 25 cm.
336 _ametin
_btxt
_2rdacontent
337 _aaracısız
_bn
_2rdamedia
338 _acilt
_bnc
_2rdacarrier
490 1 _aMilli Prodüktivite Merkezi Yayınları ;
_v549.
500 _aKaynakça var.
650 0 _aISO 9000 Series Standards.
_99553
650 0 _aISO 9000 Seri Standartları.
_99551
650 0 _aQuality Assurance.
_928757
650 0 _aKalite Güvencesi.
_95771
650 0 _aQuality Control.
_928755
650 0 _aKalite Kontrolü.
_95770
830 1 _aMilli Prodüktivite Merkezi Yayınları ;
_v549.
_96171
942 _2lcc
_cBK
999 _c58992
_d58992